[Event "AUT-ch"]
[Site "Graz"]
[Date "2017.08.17"]
[Round "6"]
[White "Lovrinovic, Christian"]
[Black "Grurl, Manfred"]
[Result "1-0"]
[WhiteElo "2175"]
[BlackElo "2070"]
[PlyCount "107"]
[EventDate "2017.08.12"]
[EventType "swiss"]
[EventRounds "9"]
[EventCountry "AUT"]
[SourceTitle "CBM 180 Extra"]
[Source "ChessBase"]
[SourceDate "2017.10.06"]
[SourceVersion "1"]
[SourceVersionDate "2017.10.06"]
[SourceQuality "1"]

1. d4 d5 2. c4 e6 3. cxd5 exd5 4. Nc3 Nf6 5. Bg5 Be7 6. Qc2 c6 7. e3 0-0 8. Bd3 Nbd7 9. Nge2 Re8 10. f3 Nf8 11. 0-0-0 Nh5 12. Bf4 Nxf4 13. exf4 Bb4 14. Kb1 Bd7 15. h4 Qf6 16. g4 Bxc3 17. bxc3 Re3 18. g5 Qd6 19. f5 c5 20. dxc5 Qxc5 21. f6 g6 22. h5 Rxd3 23. Rxd3 Bf5 24. Nd4 Bxd3 25. Qxd3 Rc8 26. Kb2 Qb6+ 27. Qb5 Qc7 28. Rc1 Rd8 29. hxg6 hxg6 30. Rc2 Qg3 31. Re2 Qxg5 32. Qxb7 Qxf6 33. Qxa7 Rd7 34. Qa8 Rd8 35. Qa7 Rd7 36. Qa8 Rd8 37. Qc6 Rb8+ 38. Kc2 Qg5 39. Qd6 Ra8 40. Kb2 Rd8 41. Qe5 Qg1 42. Rh2 f6 43. Rh8+ Kxh8 44. Qxf6+ Kg8 45. Qxd8 Qh2+ 46. Kb3 Qe5 47. a4 Qe1 48. Qxd5+ Kg7 49. Kb4 Qb1+ 50. Ka5 Qe1 51. Qc6 Qe5+ 52. Ka6 Kh6 53. a5 Kg5 54. Qb5 1-0

[Event "AUT-ch"]
[Site "Graz"]
[Date "2017.08.15"]
[Round "4"]
[White "Grurl, Manfred"]
[Black "Haas, Michael"]
[Result "0-1"]
[WhiteElo "2070"]
[BlackElo "2029"]
[PlyCount "74"]
[EventDate "2017.08.12"]
[EventType "swiss"]
[EventRounds "9"]
[EventCountry "AUT"]
[SourceTitle "CBM 180 Extra"]
[Source "ChessBase"]
[SourceDate "2017.10.06"]
[SourceVersion "1"]
[SourceVersionDate "2017.10.06"]
[SourceQuality "1"]

1. c4 e5 2. Nc3 Nc6 3. g3 f5 4. d3 Nf6 5. Bg2 Bb4 6. e3 0-0 7. Nge2 d6 8. 0-0 Bxc3 9. Nxc3 Qe8 10. b3 Qg6 11. Nd5 Nxd5 12. cxd5 Nd8 13. f4 c6 14. Bb2 exf4 15. exf4 Bd7 16. Re1 Re8 17. Qd2 cxd5 18. Rxe8+ Bxe8 19. Bxd5+ Bf7 20. Bf3 Nc6 21. b4 d5 22. b5 Ne7 23. Qb4 Qb6+ 24. Bd4 Nc6 25. Bxb6 Nxb4 26. Ba5 Nxd3 27. Rd1 Nb2 28. Rd4 Nc4 29. Bb4 Rd8 30. a4 b6 31. Kf2 Be6 32. h3 Nd6 33. Ke3 Ne4 34. g4 g6 35. g5 Nc5 36. a5 Nb3 37. Rd1 d4+ 0-1

[Event "AUT-ch"]
[Site "St Johann im Pongau"]
[Date "2016.07.23"]
[Round "1"]
[White "Hofmann, Thomas"]
[Black "Grurl, Manfred"]
[Result "1/2-1/2"]
[WhiteElo "2260"]
[BlackElo "2034"]
[PlyCount "62"]
[EventDate "2016.07.23"]
[EventType "swiss"]
[EventRounds "9"]
[EventCountry "AUT"]
[SourceTitle "CBM 173 Extra"]
[Source "ChessBase"]
[SourceDate "2016.08.29"]
[SourceVersion "1"]
[SourceVersionDate "2016.08.29"]
[SourceQuality "1"]

1. e4 e6 2. d4 d5 3. Nd2 Nf6 4. e5 Nfd7 5. Bd3 c5 6. c3 Nc6 7. Ne2 Qb6 8. Nf3 cxd4 9. cxd4 Bb4+ 10. Bd2 Bxd2+ 11. Qxd2 Qb4 12. Rc1 Qxd2+ 13. Nxd2 0-0 14. f4 Nb6 15. Bb1 Bd7 16. b3 Rac8 17. Kf2 Ne7 18. Rc5 Na8 19. Rxc8 Rxc8 20. g4 Nc7 21. Nf3 Nb5 22. Bd3 Na3 23. Ke3 Bb5 24. Ne1 Bxd3 25. Nxd3 b6 26. Rd1 Kf8 27. Rc1 Rxc1 28. Ndxc1 Nc6 29. Kd2 Nb5 30. Ke3 Na3 31. Kd2 Nb5 1/2-1/2

[Event "AUT-ch"]
[Site "Pinkafeld"]
[Date "2015.07.29"]
[Round "5"]
[White "Sepetavc, Walter"]
[Black "Grurl, Manfred"]
[Result "0-1"]
[WhiteElo "1987"]
[BlackElo "2019"]
[PlyCount "92"]
[EventDate "2015.07.25"]
[EventType "swiss"]
[EventRounds "9"]
[EventCountry "AUT"]
[SourceTitle "CBM 167 Extra"]
[Source "ChessBase"]
[SourceDate "2015.09.14"]
[SourceVersion "1"]
[SourceVersionDate "2015.09.14"]
[SourceQuality "1"]

1. e4 e6 2. d4 d5 3. e5 c5 4. c3 Nc6 5. Nf3 Qb6 6. a3 Bd7 7. b4 cxd4 8. cxd4 Rc8 9. Be2 Nxd4 10. Nxd4 Rxc1 11. Qxc1 Qxd4 12. Qc3 Qxc3+ 13. Nxc3 Ne7 14. 0-0 Nc6 15. f4 a5 16. b5 Nd4 17. Bd3 Bc5 18. Kh1 Nb3 19. Ra2 Be3 20. Rc2 Nc5 21. Nd1 Bd4 22. Rf3 b6 23. h3 Ke7 24. Bf1 f6 25. exf6+ gxf6 26. Rd2 e5 27. fxe5 fxe5 28. Ne3 Bxe3 29. Rxe3 Kd6 30. Rf2 Be6 31. Rf6 Re8 32. Rh6 Re7 33. Kg1 e4 34. Rg3 Ke5 35. Rg5+ Kd4 36. Rgh5 Ke3 37. Rxh7 Rxh7 38. Rxh7 d4 39. Rc7 d3 40. Rc6 d2 41. Rd6 Bb3 42. g4 d1Q 43. Rxd1 Bxd1 44. g5 Bh5 45. Kg2 Kf4 46. Kf2 Nd3+ 0-1